Co-operative Retail Services Ltd and Others v Taylor Young Partnership and others (Record no. 71085)
[ view plain ]
| 000 -LEADER | |
|---|---|
| fixed length control field | 01715cam a2200229 4500 |
| 001 - CONTROL NUMBER | |
| control field | ABS65789 |
| 008 - FIXED-LENGTH DATA ELEMENTS--GENERAL INFORMATION | |
| fixed length control field | 000000n2002 000 0 eng u |
| 035 ## - SYSTEM CONTROL NUMBER | |
| System control number | (Sirsi) u119562 |
| 245 ## - TITLE STATEMENT | |
| Title | Co-operative Retail Services Ltd and Others v Taylor Young Partnership and others |
| 260 ## - PUBLICATION, DISTRIBUTION, ETC. | |
| Date of publication, distribution, etc. | 2002 |
| 490 ## - SERIES STATEMENT | |
| Series statement | Building Law Reports |
| Volume/sequential designation | [2002] 6 BLR 272-287(16) |
| 520 ## - SUMMARY, ETC. | |
| Summary, etc. | HL 25 April 2002. The appellants (TYP) sought to overturn earlier rulings that their claim for contribution against the defendants was precluded by the existence of an insurance policy in the joint names of the employer (CRS) and the contractor and by contractual provisions. "Held", appeal dismissed, as under the main contract clause Wimpey was not liable to pay compensation for loss and damage caused before practical completion, as any liability for failure to reinstate after the fire was separate and distinct from the liability for causing the fire. The Civil Liability (Contribution) Act 1976 s1(1) suggests liability is to be considered when contribution is being sought. The true basis of liability is to be found in determining the contract and not in the rules about circuitry of action as between co-insured. Full copy of judgment available on House of Lords website http://www.publications.parliament.uk/pa/ld200102/ldjudgmt/jd020425/co-op-1.htm |
| 590 ## - LOCAL NOTE (RLIN) | |
| Local note | ABS |
| 650 ## - SUBJECT ADDED ENTRY--TOPICAL TERM | |
| Topical term or geographic name entry element | CO-OPERATIVE RETAIL SERVICES LTD V TAYLOR YOUNG PARTNERSHIP |
| 650 ## - SUBJECT ADDED ENTRY--TOPICAL TERM | |
| Topical term or geographic name entry element | FIRE DAMAGE |
| 650 ## - SUBJECT ADDED ENTRY--TOPICAL TERM | |
| Topical term or geographic name entry element | JCT STANDARD FORM |
| 650 ## - SUBJECT ADDED ENTRY--TOPICAL TERM | |
| Topical term or geographic name entry element | INSURANCE POLICIES |
| 650 ## - SUBJECT ADDED ENTRY--TOPICAL TERM | |
| Topical term or geographic name entry element | CONTRIBUTION CLAIMS |
| 690 ## - LOCAL SUBJECT ADDED ENTRY--TOPICAL TERM (OCLC, RLIN) | |
| Topical term or geographic name as entry element | BUILDING AND CONSTRUCTION-CASE LAW |
| 856 ## - ELECTRONIC LOCATION AND ACCESS | |
| Uniform Resource Identifier | <a href="https://www.publications.parliament.uk/pa/ld200102/ldjudgmt/jd020425/co-op-1.htm">https://www.publications.parliament.uk/pa/ld200102/ldjudgmt/jd020425/co-op-1.htm</a> |
| 942 ## - ADDED ENTRY ELEMENTS (KOHA) | |
| Suppress in OPAC | 0 |
| Withdrawn status | Lost status | Source of classification or shelving scheme | Damaged status | Not for loan | Home library | Current library | Shelving location | Date acquired | Total Checkouts | Full call number | Barcode | Date last seen | Copy number | Price effective from | Koha item type |
|---|---|---|---|---|---|---|---|---|---|---|---|---|---|---|---|
| Dewey Decimal Classification | London | London | Journal article | 04/09/2002 | ABS65789 | 119562-1001 | 06/08/2019 | 1 | 06/08/2019 | Law report |